| 000 | 00766nam a22002297a 4500 | ||
|---|---|---|---|
| 999 |
_c22586 _d22586 |
||
| 003 | AR-CdUCM | ||
| 008 | 190513b ||||| |||| 00| 0 spa d | ||
| 020 | _a9789569330018 | ||
| 040 |
_aMUNICIPALIDAD PROVINCIAL DEL CUSCO _cBIBLIOTECA MUNICIPAL DEL CUSCO |
||
| 082 |
_aPI/391/H21 _bH21 |
||
| 100 |
_aHanisch, Maya _948580 |
||
| 245 |
_aViste América / _cMaya Hanisch |
||
| 260 |
_aSantiago de Chile : _bEdit. Amanuta, _c2018. |
||
| 300 |
_a29 páginas sin numerar. : _bilustraciones en color ; _c17 x 23 cm. |
||
| 650 |
_aLibros ilustrados para niños _922257 |
||
| 650 |
_aPrendas de vestir _948581 |
||
| 650 |
_aLiteratura infantil _9588 |
||
| 650 |
_aIndumentaria _948582 |
||
| 650 |
_aCostumbres y tradiciones _916130 |
||
| 942 |
_2ddc _cLIBROS |
||
| 945 | _arac | ||